Вектор оптимизации иноязычной подготовки в контексте профессионального образования; Профессиональное образование в современном мире; № 2 (17)
| Parent link: | Профессиональное образование в современном мире: научный журнал.— , 2011- № 2 (17).— 2015.— [С. 167-173] |
|---|---|
| Hovedforfatter: | |
| Institution som forfatter: | |
| Summary: | Заглавие с экрана Режим доступа: по договору с организацией-держателем ресурса |
| Sprog: | russisk |
| Udgivet: |
2015
|
| Fag: | |
| Online adgang: | http://elibrary.ru/contents.asp?titleid=32632 |
| Format: | Electronisk Book Chapter |
| KOHA link: | https://koha.lib.tpu.ru/cgi-bin/koha/opac-detail.pl?biblionumber=642504 |
MARC
| LEADER | 00000nla0a2200000 4500 | ||
|---|---|---|---|
| 001 | 642504 | ||
| 005 | 20250205123929.0 | ||
| 035 | |a (RuTPU)RU\TPU\network\7461 | ||
| 090 | |a 642504 | ||
| 100 | |a 20150626d2015 k||y0rusy50 ca | ||
| 101 | 0 | |a rus | |
| 102 | |a RU | ||
| 135 | |a drnn ---uucaa | ||
| 181 | 0 | |a i | |
| 182 | 0 | |a b | |
| 200 | 1 | |a Вектор оптимизации иноязычной подготовки в контексте профессионального образования |f К. С. Лелюшкина | |
| 203 | |a Текст |c электронный | ||
| 300 | |a Заглавие с экрана | ||
| 333 | |a Режим доступа: по договору с организацией-держателем ресурса | ||
| 461 | |t Профессиональное образование в современном мире |o научный журнал |d 2011- | ||
| 463 | |t № 2 (17) |v [С. 167-173] |d 2015 | ||
| 610 | 1 | |a труды учёных ТПУ | |
| 610 | 1 | |a электронный ресурс | |
| 610 | 1 | |a профессиональное образование | |
| 610 | 1 | |a иноязычная подготовка | |
| 700 | 1 | |a Лелюшкина |b К. С. |c лингвист |c доцент Томского политехнического университета, кандидат педагогических наук |f 1973- |g Кира Сергеевна |3 (RuTPU)RU\TPU\pers\24583 | |
| 712 | 0 | 2 | |a Национальный исследовательский Томский политехнический университет (ТПУ) |b Институт международного образования и языковой коммуникации (ИМОЯК) |3 (RuTPU)RU\TPU\col\17810 |
| 801 | 2 | |a RU |b 63413507 |c 20150626 |g RCR | |
| 856 | 4 | 0 | |u http://elibrary.ru/contents.asp?titleid=32632 |
| 942 | |c CF | ||